=LDR 00000nam 2200000 4500 =001 INLIS000000000010125 =005 20130612101839 =008 ***********************************Ind** =035 ##$$0010-061300000010125 =041 ##$$a Ind =082 ##$$a 372.802 076 =090 ##$$a 372.802 076, Pen p =245 ##$$a Penunjang peningkatan prestasi belajar persiapan ujian nasional, Drs. tatang ahmat =260 ##$$a 2002 $b Bandung =300 ##$$a ...jil, 25 cm =650 ##$$a Tes dan Evaluasi-pendidikan dasar =850 ##$$a NBPNMAT